000 00874nam a2200277Ia 4500
003 OSt
005 20220928112706.0
006 a|||||r|||| 00| 0
007 ta
008 220927b |||||||| |||| 00| 0 eng d
020 _c5477.5500000000002
024 _a114233
037 _b171, 15/12/2011, Classic Book Service
_cTextual
040 _aSDCL
_cSDCL
_beng
041 _2eng
_aeng
082 _aW, Q1
100 _aHaddock Bruce Ed.
_9429282
245 0 _aEvil in contemporary political theory.
260 _aEdinburgh
_bEdinbirgh University Press
_c2011
300 _av,234p
_ccm.
650 _aPolitical Science
700 _a Roberts Peri Ed.
_9429283
700 _a Sutch Peter Ed.
_9429284
942 _hW, Q1
_cTEXL
_2CC
999 _c745785
_d745785